مكتبة جامعة عجلون الوطنية

فهرس بحث المكتبة

Normal view MARC view
  • ارشاد نفسي-علم النفس التربوي-اشراف تربوي

Entry Topical Term

Number of records used in: 1

001 - CONTROL NUMBER

  • control field: 28573

003 - CONTROL NUMBER IDENTIFIER

  • control field: JO-AjAnu

005 - DATE AND TIME OF LATEST TRANSACTION

  • control field: 20230606074836.0

008 - FIXED-LENGTH DATA ELEMENTS

  • fixed length control field: 230606|| aca||aabn | a|a d

040 ## - CATALOGING SOURCE

  • Original cataloging agency: JO-AjAnu
  • Transcribing agency: JO-AjAnu

150 ## - HEADING--TOPICAL TERM

  • Topical term or geographic name entry element: ارشاد نفسي-علم النفس التربوي-اشراف تربوي

670 ## - SOURCE DATA FOUND

  • Source citation: Work cat.: (JO-AjAnu)14667: . مؤلف/الزيود،نادر فهمي مترجم David،Geldard, author 28572, الدليل العملي للمرشدين النفسيين والتربويين:أساسيات الإرشاد الفردي